00599nam a2200193Ia 4500008004100000020001800041082001200059100002300071245002600094250000800120260004100128300002400169500001900193600002000212650002000232942000700252952012900259999001700388240925s9999 xx 000 0 und d a9780470973257 a330 ANT aAntonioni, Peter. 0aEconomics for dummies a2nd aNew York:bJohn Wiley & Sonsc,2011. a598p.bNAfOriginal aIncludes Index aSocial Sciences aSocial Sciences cBK 001040708SSaUITUbUITUd2018-12-17eBismillah BookDepotg796.00l0o330 ANTpQ12287r2024-09-25 07:16:24w2024-09-25yBK c14786d14786